000 00825nam a2200265 a 4500
001 000044149
003 DO-SdBNP
005 20240412120449.0
007 000044149
008 140602s2012 dr a 000 0 spa d
020 _a9789945883152
040 _aBPMSU
_bspa
_cBMSU
082 _aRD863.44
_bA473d 2012
_222
100 1 _aÁlvarez, Julia
245 1 0 _aDe cómo tía lola terminó empezando otra vez /
_cJulia Álvarez ; traducción Mercedes Guhi.
260 _aSanto Domingo :
_aAlfaguara Juvenil,
_c2012.
300 _a182 p. :
_bil., retrs. ;
_c22 cm.
490 0 _aAlfaguara Juvenil
590 _aInventariaodo, 2024/VM
650 4 _aCuentos juveniles dominicanos
650 4 _aLiteratura juveniles dominicana
700 1 2 _aGuhi, Mercedes
_etr.
910 _aVMateo V. Control de calidad. BPMSU
942 _2ddc
_cBK
999 _c7671
_d7671